00233pam a2200109 a 4500020000500000041000500005100001800010245006500028260000900093300000800102653001300110 c h aT.C. Whitmore aAn Introduction To Tropical Rain ForecstshTextual Documents c1990 a226 aForestry